00000000nam 2200000zi 4500
0019.944341
003CaOODSP
00520250129143639
006m     o  d f      
007cr mn|||||||||
008241022e202412##quca    obs  f000 0 fre d
020 |a9780660741079
040 |aCaOODSP|bfre|erda|cCaOODSP
043 |an-cn---
045 |ay2y2
0861 |aEn4-144/37-2024F-PDF
24500|aIndicateurs canadiens de durabilité de l'environnement : |btendances des populations d'espèces en péril.
24610|aTendances des populations d'espèces en péril
250 |a[Édition de décembre 2024].
264 1|aGatineau (Québec) : |bEnvironnement et changement climatique Canada = Environment and Climate Change Canada, |cdécembre 2024.
264 4|c©2024
300 |a1 ressource en ligne (24 pages) : |billustrations en couleur
336 |atexte|btxt|2rdacontent/fre
337 |ainformatique|bc|2rdamedia/fre
338 |aressource en ligne|bcr|2rdacarrier/fre
500 |aPublié aussi en anglais sous le titre : Canadian environmental sustainability indicators: species at risk population trends.
500 |a« Code de projet : EC24019 » -- Page 2.
504 |aComprend des références bibliographiques.
520 |a« Des populations d'espèces sauvages en santé constituent un élément important de la biodiversité. Au Canada, certaines espèces ont connu un déclin de leur population ou sont naturellement rares et risquent maintenant de disparaître. Des mesures de rétablissement ou de gestion sont mises en place pour protéger les espèces sauvages identifiées comme étant en péril et menacées de disparition. Le rétablissement ou la gestion réussie des espèces en péril peut être un processus à long terme incluant plusieurs mesures pour arrêter ou inverser le déclin et pour améliorer la probabilité que les espèces persistent à l'état sauvage. Cet indicateur fournit une évaluation préliminaire visant à déterminer si les tendances de la population (le nombre) et la répartition (la façon dont elle est répartie) des espèces en péril énumérées dans la Loi sur les espèces en péril concordent avec ce qui est inscrit dans leurs objectifs de rétablissement ou de gestion » -- Page 5.
650 6|aEspèces en voie de disparition|zCanada|vStatistiques.
650 6|aAnimaux|xPopulations|zCanada|vStatistiques.
650 6|aPlantes|xPopulations|zCanada|vStatistiques.
650 6|aIndicateurs écologiques|zCanada.
655 7|aStatistiques|2rvmgf
7101 |aCanada. |bEnvironnement et changement climatique Canada, |eorganisme de publication.
77508|tCanadian environmental sustainability indicators : |w(CaOODSP)9.944340
795 |tIndicateurs canadiens de durabilité de l'environnement : |b(Janvier 2023)|w(CaOODSP)9.929444
85640|qPDF|s726 Ko|uhttps://publications.gc.ca/collections/collection_2025/eccc/en4/En4-144-37-2024-fra.pdf
8564 |qHTML|sS.O.|uhttps://www.canada.ca/fr/environnement-changement-climatique/services/indicateurs-environnementaux/tendances-populations-especes-peril.html
986 |aEC24019